Computational Continuum Mechanics / (Record no. 11195)
[ view plain ]
| 000 -LEADER | |
|---|---|
| fixed length control field | 01411cam a2200361 a 4500 |
| 001 - CONTROL NUMBER | |
| control field | 15009423 |
| 005 - DATE AND TIME OF LATEST TRANSACTION | |
| control field | 20240818092912.0 |
| 008 - FIXED-LENGTH DATA ELEMENTS--GENERAL INFORMATION | |
| fixed length control field | 070917s2008 enka b 001 0 eng |
| 010 ## - | |
| -- | 2007038135 |
| 015 ## - | |
| -- | GBA825187 |
| -- | bnb |
| 016 7# - | |
| -- | 014537014 |
| -- | Uk |
| 020 ## - INTERNATIONAL STANDARD BOOK NUMBER | |
| International Standard Book Number | 9780521885690 |
| 020 ## - INTERNATIONAL STANDARD BOOK NUMBER | |
| International Standard Book Number | 0521885698 |
| 035 ## - SYSTEM CONTROL NUMBER | |
| System control number | (OCoLC)ocn173182695 |
| 035 ## - SYSTEM CONTROL NUMBER | |
| System control number | (OCoLC)173182695 |
| 040 ## - CATALOGING SOURCE | |
| Original cataloging agency | DLC |
| Transcribing agency | DLC |
| Modifying agency | BAKER |
| -- | BTCTA |
| -- | YDXCP |
| -- | UKM |
| -- | C#P |
| -- | DLC |
| 050 00 - LIBRARY OF CONGRESS CALL NUMBER | |
| Classification number | QA808.2 |
| Item number | .S46 2008 |
| 082 00 - DEWEY DECIMAL CLASSIFICATION NUMBER | |
| Classification number | 531 |
| Edition number | 22 |
| Item number | SHA |
| 100 1# - MAIN ENTRY--PERSONAL NAME | |
| Personal name | Shabana, Ahmed A., |
| Dates associated with a name | 1951- |
| 9 (RLIN) | 3192 |
| 245 10 - TITLE STATEMENT | |
| Title | Computational Continuum Mechanics / |
| Statement of responsibility, etc | Ahmed A. Shabana. |
| 260 ## - | |
| -- | Cambridge ; |
| -- | New York : |
| -- | Cambridge University Press, |
| -- | c2008. |
| 300 ## - PHYSICAL DESCRIPTION | |
| Extent | xii, 335 p. : |
| Other physical details | ill. ; |
| Dimensions | 27 cm. |
| 336 ## - CONTENT TYPE | |
| Source | rdacontent |
| Content type term | text |
| Content type code | txt |
| 337 ## - MEDIA TYPE | |
| Media type term | unmediated |
| Source | rdamedia |
| Media type code | n |
| 338 ## - CARRIER TYPE | |
| Carrier type term | volume |
| Carrier type code | nc |
| Source | rdacarrier |
| 504 ## - BIBLIOGRAPHY, ETC. NOTE | |
| Bibliography, etc | Includes bibliographical references (p. 321-326) and index. |
| 650 #0 - SUBJECT ADDED ENTRY--TOPICAL TERM | |
| Topical term or geographic name as entry element | Continuum mechanics. |
| 9 (RLIN) | 3193 |
| 650 #0 - SUBJECT ADDED ENTRY--TOPICAL TERM | |
| Topical term or geographic name as entry element | Engineering mathematics. |
| 9 (RLIN) | 3194 |
| 856 42 - ELECTRONIC LOCATION AND ACCESS | |
| Materials specified | Publisher description |
| Uniform Resource Identifier | <a href="http://www.loc.gov/catdir/enhancements/fy0803/2007038135-d.html">http://www.loc.gov/catdir/enhancements/fy0803/2007038135-d.html</a> |
| 856 41 - ELECTRONIC LOCATION AND ACCESS | |
| Materials specified | Table of contents only |
| Uniform Resource Identifier | <a href="http://www.loc.gov/catdir/enhancements/fy0803/2007038135-t.html">http://www.loc.gov/catdir/enhancements/fy0803/2007038135-t.html</a> |
| 942 ## - ADDED ENTRY ELEMENTS (KOHA) | |
| Source of classification or shelving scheme | Dewey Decimal Classification |
| Koha item type | Book - Borrowing |
| Classification part | RDA-MOD |
| Withdrawn status | Lost status | Source of classification or shelving scheme | Damaged status | Not for loan | Collection code | Home library | Current library | Shelving location | Date acquired | Source of acquisition | Cost, normal purchase price | Serial Enumeration / chronology | Total Checkouts | Total Renewals | Full call number | Barcode | Date last seen | Date checked out | Price effective from | Koha item type |
|---|---|---|---|---|---|---|---|---|---|---|---|---|---|---|---|---|---|---|---|---|
| Dewey Decimal Classification | Baccah | Central Library | Central Library | First floor | 06/04/2009 | 624.00 | 7117 | 1 | 38 | 531 SHA | 000015767 | 15/07/2025 | 05/10/2016 | 06/04/2009 | Book - Borrowing |